01857nam a2200373 i 4500001001000000003000900010005001700019007000300036008004100039040003000080041000800110082002900118245014000147250002100287264006200308300004800370336002700418337003300445338002800478490003900506500003800545504003900583590002800622650004200650700004600692710008500738910004100823942001400864952012400878952012901002952016201131952017301293999001701466000016311DO-SdBNP20251125094744.0ta100303s1980 dr a 001 0 spa d aDO-SdBNPbspacBNPHUerda aspa 4a658.0018bM294i 198022200aManual del investigador en administración :bmetodología para la preparación de trabajos y manuales /cprólogo, Luis A. Canela. aCuarta edición 4aSanto Domingo, República Dominicana : bONAP,c©1980. ax, 313 páginas :bilustraciones ;c24 cm. atextobtxt2rdacontent asin mediaciónbn2rdamedia avolumenbnc2rdacarrier0 aColección Manuales técnicosv1 aIncluye notas al pie de páginas aBibliografía: páginas [p. 313] aInventariado, 2022 / DG 4aInvestigacionesxMetodología9371271 aCanela, Luis A. eprologuista9837724pr.1 aRepública Dominicana.bOficina Nacional de Administración y Personal 926398 aDG. Validado. Control de Calidad/MAA 2ddccLBS1 00102ddc51708PDaBNPHUbBNPHUcHDd2010-03-03oBNPHU PD 658.0018 M294i 1980p16311-10r2020-06-25w2020-06-25yLBS1 00102ddc51708PDaBNPHUbBNPHUcHDd2010-05-26oBNPHU PD 658.0018 M294i 1980p16311-20r2020-06-25te.2w2020-06-25yLBS1 00102ddc56708DSaBNPHUbBNPHUcHDd2022-09-14eDonado por Familia Reyes DulucoBNPHU DS 658.0018 M294i 1980p2022-3938r2022-09-14te.3w2022-09-14yLBS1 00102ddc56708DSaBNPHUbBNPHUcHDd2025-11-21eDonado por el Ministerio de la Mujer l0oBNPHU DS 658.0018 M294i 1980p2025-13346r2025-11-21te.4w2025-11-21yLBS1 c15846d15846